| 000 | 00380nam a22001577a 4500 | ||
|---|---|---|---|
| 999 |
_c532609 _d532609 |
||
| 003 | NUST | ||
| 005 | 20191126154834.0 | ||
| 008 | 191126b ||||| |||| 00| 0 eng d | ||
| 038 | _aMSOHAIL | ||
| 082 | _a658.408 | ||
| 100 |
_aTayyab Ahmad _926235 |
||
| 245 | _aOASIS Health SPA Building Safety Plan | ||
| 260 |
_aIslamabad _bNUST _cc2014 |
||
| 300 | _ap;v.p. | ||
| 942 |
_2ddc _cBK |
||